000 00793naa a2200193 i 4500
001 9926
003 KOSZ 005
005 20180427082849.0
008 120618s2012 pl f f |000 p pol
040 _cBPK
_dKOSZ 005/EG
080 _a005:004.03
080 _a(075.8)
100 1 _aNIEKRASZ, Barbara.
_bPolitechnika Koszalińska - Wydział Ekonomii i Zarządzania,
_cKatedra Metod Ilościowych
245 1 0 _aProgram prezentacyjny PowerPoint /
_cBarbara Niekrasz.
650 0 _aSystemy informatyczne zarządzania.
650 0 _aProgramowanie.
773 0 _iW :
_tInformatyka dla kadry kierowniczej przedsiębiorstwa : podręcznik akademicki / pod red. Eugeniusza Michalskiego. -
_dKoszalin : Wydaw. Uczelniane Politechniki Koszalińskiej, 2012. -
_gs. 353-378
942 _cROZ
_2UKD
999 _c9926
_d9926